000 00194 a2200097 4500
020 _a9786070117503
041 _aspa
100 _aLuis San Visente
245 _aFestival de calaveras
942 _cK
999 _c30226
_d30224